A szegedi tüntetés
Elmentve itt :
| Dokumentumtípus: | Cikk |
|---|---|
| Megjelent: |
1912-09-28
|
| Sorozat: | Délmagyarország
3 No. 40 |
| Kulcsszavak: | Munkásmozgalom Szeged 1912 |
| Online Access: | http://dmarchiv.bibl.u-szeged.hu/59020 |
| LEADER | 00403nab a2200145 i 4500 | ||
|---|---|---|---|
| 001 | delm59020 | ||
| 005 | 20180928090411.0 | ||
| 008 | 180927s1912 hu o 0|| hun d | ||
| 040 | |a SZTE Délmagyarország Archívum |b hun | ||
| 041 | |a hun | ||
| 245 | 0 | 2 | |a A szegedi tüntetés |h [elektronikus dokumentum] |
| 260 | |c 1912-09-28 | ||
| 300 | |a 1-2 | ||
| 490 | 0 | |a Délmagyarország |v 3 No. 40 | |
| 695 | |a Munkásmozgalom Szeged 1912 | ||